| 000 | 00670nam a2200229 a 4500 | ||
|---|---|---|---|
| 008 | |||
| 020 | _a0521594162 (hbk.) | ||
| 049 | _aMAIN | ||
| 090 | _aQA911 | ||
| 100 | 1 | _aChung, T. J. | |
| 245 | 1 | 0 |
_aComputational fluid dynamics / _cT.J. Chung. |
| 260 |
_aCambridge : _bCambridge University Press, _c2002. |
||
| 300 |
_axxiii, 1012 p. : _bill. ; _c26 cm. |
||
| 504 | _aIncludes bibliographical references. | ||
| 500 | _aIncludes index. | ||
| 650 | 0 |
_aFluid dynamics _xData processing. |
|
| 907 |
_a.b10130500 _b08-09-05 _c12-07-04 |
||
| 003 | |||
| 005 | 20230123133755.0 | ||
| 040 | _cNUST | ||
| 942 |
_cBOOKS _kQA911 |
||
| 999 |
_c154378 _d154378 |
||